Memilih dan merawat kucing kesayangan

Bibliographic Details
Format: Book
Published: Kuala Lumpur : Synergy Media
Series:Cara praktikal mengatasi permasalahan
Subjects:

MARC

LEADER 00000cam a2200000 7i4500
001 0000016017
005 20080418.0
008 180408
020 |a 9831973879 
090 0 0 |a 636.8083   |b MEM 
245 1 0 |a Memilih dan merawat kucing kesayangan 
260 |a Kuala Lumpur :   |b Synergy Media 
440 0 |a Cara praktikal mengatasi permasalahan 
650 0 |a Cat 
650 0 |a Cats   |x Behavior 
650 0 |a Plants, ornamental 
999 |a 0001015966   |b Book   |c Adult Collection   |e Perbadanan Perpustakaan Awam Johor 
999 |a 0001015967   |b Book   |c Adult Collection   |e Perbadanan Perpustakaan Awam Johor 
999 |a 0001015968   |b Book   |c Adult Collection   |e Perbadanan Perpustakaan Awam Johor 
999 |a 0001015969   |b Book   |c Adult Collection   |e Perbadanan Perpustakaan Awam Johor 
999 |a 0001015970   |b Book   |c Adult Collection   |e Perbadanan Perpustakaan Awam Johor 
999 |a 0001071061   |b Book   |c Adult Collection   |e Cawangan Bukit Gambir 
999 |a 0001071069   |b Book   |c Adult Collection   |e Cawangan Bandar Penawar 
999 |a 0001071070   |b Book   |c Children Collection   |e Cawangan Pontian 
999 |a 0001071250   |b Book   |c Adult Collection   |e Cawangan Bukit Gambir